000 00608nam a2200193 a 4500
001 000047111
005 20201002053351.0
008 180416s2015 dr abc 000 0 spa d
020 _a9789945123913
040 _aDO-SdBNP
_bspa
_cBNPHU
082 _axxxx
_bxxxx
100 1 _aAlbert Batista, Celsa
_91180
245 1 0 _aCiencias sociales 4 :
_bprimaria /
_cCelsa Albert Batista.
260 _aSanto Domingo :
_bSusaeta,
_c2015.
300 _a176 p. :
_bil., mapas, retrs. ;
_c29 cm.
500 _aEnfoque por competencias nuevo currĂ­culo
504 _aBibliografĂ­a : p 176
590 _aInventariado, 2018/LP
999 _c46599
_d46599